|
|
|
|
| LEADER |
00000cam a2200000 a 4500 |
| 001 |
vtls001419095 |
| 003 |
SK-MaSNL |
| 005 |
20260425232027.0 |
| 008 |
240315s2000 xo a r 00000 slo |
| 015 |
|
|
|a SNBA2002/01-00025
|
| 020 |
|
|
|a 8096828266
|
| 035 |
|
|
|a SNK000373907
|
| 035 |
|
|
|a urn:nbn:sk:snk-amkn9t
|
| 035 |
|
|
|a urn:nbn:sk:snk-am003c93
|
| 035 |
|
|
|a D5BAD7E7-2878-4C6C-8546-47E54E3031E6
|
| 040 |
|
|
|a SNK
|b slo
|c SNK
|e AACR2
|
| 041 |
0 |
|
|a slo
|b eng
|
| 044 |
|
|
|a xo
|c SK
|
| 080 |
|
|
|a 627.8(437.6)
|2 1981
|
| 100 |
1 |
|
|a Abaffy, Dušan,
|d 1971-
|4 aut
|9 245931
|
| 245 |
1 |
0 |
|a Ekologické a ekonomické prínosy a dôsledky výstavby a reálnej prevádzky vybraných nádrží a priehrad na Slovensku
|c Dušan Abaffy ml.
|
| 260 |
|
|
|a Bratislava
|b Výskumný ústav vodného hospodárstva
|c 2000
|
| 300 |
|
|
|a 89 s.
|b fotogr., grafy, sch., tab.
|c 21 cm
|
| 490 |
1 |
|
|a Práce a štúdie
|v č. 141
|
| 504 |
|
|
|a Obsahuje bibliografiu
|
| 546 |
|
|
|a Res. angl.
|
| 650 |
0 |
7 |
|a vodné nádrže
|2 SNKPH
|9 4190
|
| 651 |
|
7 |
|a Slovensko
|2 SNKPHgeo
|9 14231
|
| 655 |
|
7 |
|a štúdie
|2 SNKPH
|9 57033
|
| 810 |
2 |
|
|a Výskumný ústav vodného hospodárstva (Bratislava, Slovensko)
|t Práce a štúdie
|9 462058
|
| 852 |
|
|
|a Slovenská národná knižnica
|
| 919 |
|
|
|a 80-968282-6-6
|
| 954 |
|
|
|a odborná, vedecká literatúra pôvodná (slovenská)
|2 lita
|
| 958 |
|
|
|a OND
|
| 958 |
|
|
|a TL
|
| 958 |
|
|
|a NB
|
| 999 |
|
|
|c 726348
|d 728278
|
| 952 |
|
|
|t P60, <03>, [BOOK], {603}
|a SNK
|b SNK
|y PREZ
|7 0
|p 17A0312454
|o snkSC 105823
|i snkKSP 10046/2001
|0 0
|1 0
|4 0
|d 2001-08-24
|f 1
|l 0
|r 2025-09-26 00:00:00
|w 2026-02-23
|
| 952 |
|
|
|t P60, <04>, [BOOK], {604}
|a SNK
|b SNK
|y VYP
|7 0
|p 17A0312455
|o snkSC 105823 D1
|i snkKSP 10047/2001
|0 0
|1 0
|4 0
|d 2001-08-24
|l 0
|r 2005-01-02 00:00:00
|w 2026-02-23
|